000 00564nam a2200205Ia 4500
005 20250508154919.0
008 008 250505s9999 xx 000 0 eng d
037 _aTextual
040 _aFEDL
_beng
_cFEDL
041 _aeng
_2eng
084 _a808, GIL
_qFEDL
100 _aGilman Wilbur E
_9766381
245 0 _aIntroduction to speaking
250 _a2
260 _aNew York, USA
_bThe Macmillan Company
_c1968
300 _axiv,285p
700 _a Aly Bower White Hollis L
_9766382
942 _cTEXL
_h808, GIL
999 _c1352787
_d1352787